000 00343nam a2200157Ia 4500
003 OSt
005 20240111104713.0
008 170524s9999 xx 000 0 und d
020 _a9780195685220
040 _ciimtu
100 _aAtkins Peter
245 0 _aAtkins' Physical Chemistry
260 _bOxford
260 _c2007
942 _2ddc
_c02
999 _c5260
_d5260